Compiler Design / (Record no. 13834)

MARC details
000 -LEADER
fixed length control field 00487nam a22001457a 4500
008 - FIXED-LENGTH DATA ELEMENTS--GENERAL INFORMATION
fixed length control field 100323t xxu||||| |||| 00| 0 eng d
082 ## - DEWEY DECIMAL CLASSIFICATION NUMBER
Edition number 22
Classification number 005.453
Item number PUN
100 ## - MAIN ENTRY--PERSONAL NAME
9 (RLIN) 13035
Personal name Puntambekar, Anuradha A.
245 ## - TITLE STATEMENT
Title Compiler Design /
Remainder of title Anuradha A. Puntambeker.
260 ## - PUBLICATION, DISTRIBUTION, ETC. (IMPRINT)
Place of publication, distribution, etc Pune :
Name of publisher, distributor, etc Technical publications,
Date of publication, distribution, etc c[2009].
300 ## - PHYSICAL DESCRIPTION
Extent Various p. ;
Other physical details ill.;
Dimensions 24 cm.
650 ## - SUBJECT ADDED ENTRY--TOPICAL TERM
Topical term or geographic name as entry element Compilers (Computer programs)
9 (RLIN) 13036
650 ## - SUBJECT ADDED ENTRY--TOPICAL TERM
Topical term or geographic name as entry element Computer systems Compilers Design
9 (RLIN) 13037
942 ## - ADDED ENTRY ELEMENTS (KOHA)
Source of classification or shelving scheme Dewey Decimal Classification
Item type Book - Borrowing
Holdings
Withdrawn status Item status Source of classification or shelving scheme Damaged status Not for loan Vendor Home library Current library Shelving location Date acquired Source of acquisition Cost, normal purchase price Serial Enumeration / chronology Total Checkouts Full call number Barcode Date last seen Koha item type
    Dewey Decimal Classification     Alahram Central Library Central Library Lower Floor 31/03/2010   62.00 36   005.453 PUN 000020275 15/07/2025 Book - Borrowing